El crédito agrícola en México / (Record no. 73586)

MARC details
000 -LEADER
campo de control de longitud fija 00428nam a2200157 i 4500
001 - NÚMERO DE CONTROL
campo de control 73586
003 - IDENTIFICADOR DE NÚMERO DE CONTROL
campo de control ES-MaACL
005 - FECHA Y HORA DE LA ÚLTIMA TRANSACCIÓN
campo de control 20230906171848.0
007 - CAMPO FIJO DE DESCRIPCIÓN FÍSICA--INFORMACIÓN GENERAL
campo de control de longitud fija t|
008 - DATOS DE LONGITUD FIJA--INFORMACIÓN GENERAL
campo de control de longitud fija 040908s1928 sp ||||1| spa d
100 1# - ENTRADA PRINCIPAL--NOMBRE DE PERSONA
Nombre de persona Gómez Morin, Manuel.
9 (RLIN) 58071
245 13 - MENCIÓN DEL TÍTULO
Título El crédito agrícola en México /
Mención de responsabilidad, etc. Manuel Gómez Morin.
260 ## - PUBLICACIÓN, DISTRIBUCIÓN, ETC.
Lugar de publicación, distribución, etc. Madrid :
Nombre del editor, distribuidor, etc. [Espasa-Calpe],
Fecha de publicación, distribución, etc. 1928.
300 ## - DESCRIPCIÓN FÍSICA
Extensión 332 p. ;
Dimensiones 19 cm.
852 ## - LOCALIZACIÓN
Ubicación ES-MaACL
Número de control de estantería C-4403
Holdings
Estatus retirado Estado de pérdida Estado de daño No para préstamo Biblioteca de origen Biblioteca actual Ubicación en estantería Fecha de adquisición Fuente de adquisición Total de préstamos Signatura topográfica completa Código de barras Visto por última vez Precio de reemplazo Tipo de ítem Koha
        Biblioteca del Ateneo de Madrid Biblioteca del Ateneo de Madrid Sala Palomar 17/01/2008     C-4403 1077022 23/02/2023 23/02/2023 Libro impreso